000 00594nam a2200193 i 4500
001 65881
003 ES-MaACL
005 20230906165508.0
007 t|
008 040122s1971 sp ||||1| spa d
100 1 _aFullaondo, Juan Daniel.
_952999
245 1 3 _aLa arquitectura y los arquitectos de la región y el entorno de Bilbao /
_cDaniel Fullaondo.
260 _a[Madrid] :
_bAlfaguara,
_c[1971]
300 _a480, XXXIX p., 84 lám. :
_bil. ;
_c31 cm.
490 1 _aNueva Forma
830 0 _aNueva Forma
_9182973
852 _aES-MaACL
_jC-55019
_bR.77565
999 _c65881
_d65881